000 00787nam a22002057a 4500
999 _c137273
_d137273
005 20230705160045.0
010 _a1718EN-30 B-681680-684 ENG-137289
020 _a9789386050175
_c399.00
035 _aB-681680-684 EN-120821
037 _bPragati
_adpl
037 _bDBAD/PUB
082 _a306.7
245 _aA book of light :
_cedited by Jerry Pinto
_bwhen a loved one has a different mind /
260 _aNew Delhi
_bSpeaking Tiger
_c2016
270 _a4381/4, Ansari Road, Daryaganj
_bNew Delhi
_e110002
300 _a175p.
_b22cm(Hb)
700 _aPinto,Jerry
942 _2ddc
_cEN
_h306.7
_mABO